Filme und Serientitel- Lücken füllen #02 - Statistiken

Allgemein
  • Dieses Quiz wurde 10.016 mal gespielt
  • Das Durchschnittsergebnis liegt bei 15 aus 24
Antwortstatistiken
Videospiel % Korrekt
The Walking {Dead}
99%
Zurück in die {Zukunft}
98%
Men in {Black}
96%
{Catch} Me if You Can
90%
{Ziemlich} Beste Freunde
89%
The {Big} {Bang} Theory
87%
How to {sell} {Drugs} online (fast)
81%
Mission: {Impossible} 6: Fallout
77%
{Brooklyn}: Nine- Nine
76%
How to get away with {Murder}
76%
The {Good} Doctor
73%
Der Soldat {James} {Ryan}
57%
{Assassin}'s Creed
55%
The {Umbrella} Academy
55%
Marvel's Agents of {SHIELD}
53%
Der {Hobbit}- Eine unerwartete Reise
46%
The Falcon and The {Winter} {Soldier}
46%
Star Wars Episode 5: {Das} {Imperium} {schlägt} {zurück}
43%
Only murders in {the} {Building}
34%
Sissi- Die {junge} Kaiserin
34%
Die {Bestimmung}- Divergent
31%
Operation {Walküre}- Das Stauffenberg- Attentat
24%
The {Revenant}- Der Rückkehrer
24%
The {French} Dispatch
9%
Keine übereinstimmenden Quizze gefunden
Verteilung der Resultate
Anzahl Personen mit jedem Resultat
Perzentil nach korrekt beantworteten Fragen
Ihre Resultats-Entwicklung
Sie haben dieses Quiz noch nicht gespielt